Country Flight Destinations - Azerbaijan - Statistics

General Stats
  • This quiz has been taken 12 times
  • The average score is 13 of 36
Answer Stats
Answer % Correct
Turkey
90%
Georgia
80%
United Arab Emirates
80%
Russia
70%
Saudi Arabia
70%
France
60%
China
50%
Greece
50%
India
50%
Iran
50%
Kazakhstan
50%
Kuwait
50%
Qatar
50%
Spain
50%
United Kingdom
50%
Bahrain
40%
Egypt
40%
Germany
40%
Israel
40%
Austria
30%
Iraq
30%
Pakistan
30%
Uzbekistan
30%
Belarus
20%
Italy
20%
Oman
20%
Serbia
20%
Czech Republic
10%
Hungary
10%
Kyrgyzstan
10%
Maldives
10%
Moldova
10%
Montenegro
10%
Poland
10%
Switzerland
10%
Tajikistan
0%
No matching quizzes found
Score Distribution
Percent of People with Each Score
Percentile by Number Answered
Your Score History
You have not taken this quiz